Members of the California Senate - Statistics

General Stats
  • This quiz has been taken 3 times
  • The average score is 17 of 40
Answer Stats
Hint Answer % Correct
40 Republican Brian Jones
100%
10 Democrat Aisha Wahab
67%
8 Democrat Angelique Ashby
67%
15 Democrat Dave Cortese
67%
7 Democrat Jesse Arreguín
67%
33 Democrat Lena Gonzalez
67%
4 Republican Marie Alvarado-Gil
67%
1 Republican Megan Dahle
67%
6 Republican Roger Niello
67%
19 Republican Rosilicie Ochoa Bogh
67%
39 Democrat Akilah Weber
33%
14 Democrat Anna Caballero
33%
24 Democrat Benjamin Allen
33%
30 Democrat Bob Archuleta
33%
20 Democrat Caroline Menjivar
33%
38 Democrat Catherine Blakespear
33%
3 Democrat Christopher Cabaldon
33%
29 Democrat Eloise Gómez Reyes
33%
27 Democrat Henry Stern
33%
5 Democrat Jerry McNerney
33%
17 Democrat John Laird
33%
13 Democrat Josh Becker
33%
32 Republican Kelly Seyarto
33%
35 Democrat Laura Richardson
33%
28 Democrat Lola Smallwood-Cuevas
33%
26 Democrat María Elena Durazo
33%
16 Democrat Melissa Hurtado
33%
2 Democrat Mike McGuire
33%
21 Democrat Monique Limón
33%
31 Democrat Sabrina Cervantes
33%
25 Democrat Sasha Renée Pérez
33%
11 Democrat Scott Wiener
33%
12 Republican Shannon Grove
33%
37 Republican Steven Choi
33%
18 Democrat Steve Padilla
33%
22 Democrat Susan Rubio
33%
23 Republican Suzette Martinez Valladares
33%
9 Democrat Tim Grayson
33%
34 Democrat Tom Umberg
33%
36 Republican Tony Strickland
33%
No matching quizzes found
Score Distribution
Percent of People with Each Score
Percentile by Number Answered
Your Score History
You have not taken this quiz